New paradigms and methods in educational and social research (Record no. 1398238)

MARC details
000 -LEADER
fixed length control field 00703nam a2200205Ia 4500
005 - DATE AND TIME OF LATEST TRANSACTION
control field 20250508165928.0
008 - FIXED-LENGTH DATA ELEMENTS--GENERAL INFORMATION
fixed length control field 008 250505s9999 xx 000 0 eng d
037 ## - SOURCE OF ACQUISITION
Stock number TextBook
040 ## - CATALOGING SOURCE
Original cataloging agency FEDL
Language of cataloging eng
Transcribing agency FEDL
041 ## - LANGUAGE CODE
Language code of text/sound track or separate title eng
Source of code eng
084 ## - COLON CLASSIFICATION NUMBER
Classification number 801.42, KOZ/R
Assigning agency FEDL
100 ## - MAIN ENTRY--PERSONAL NAME
Personal name Kozuh Boris Ed.
9 (RLIN) 782439
245 #0 - TITLE STATEMENT
Title New paradigms and methods in educational and social research
260 ## - PUBLICATION, DISTRIBUTION, ETC.
Place of publication, distribution, etc. Los Angeles, USA
Name of publisher, distributor, etc. Graduate Education Initiatives
Date of publication, distribution, etc. 2007
300 ## - PHYSICAL DESCRIPTION
Extent 277p.
546 ## - LANGUAGE NOTE
Language note Gifted by HOD Namita Ranganathan in memory of Prof. Arvind Gaysu
700 ## - ADDED ENTRY--PERSONAL NAME
Personal name Kahn Richard Ed. Kozlowska Anna and others Ed.
9 (RLIN) 782440
942 ## - ADDED ENTRY ELEMENTS (KOHA)
Koha item type Textbook
Classification part 801.42, KOZ/R
Holdings
Withdrawn status Lost status Damaged status Not for loan Home library Current library Date acquired Total Checkouts Full call number Barcode Date last seen Price effective from Koha item type
        Department of Education Library Department of Education Library 2025-05-08   801.42, KOZ/R EL0091898 2025-05-08 2025-05-08 Textbook
Copyright @ Delhi University Library System